000 00803nam a2200205Ii 4500
003 JO-AjNU
008 230605s9999||||xx |||||||||||||| ||und||
040 _aJO-AjNU
_bara
_erda
_cJO-AjNU
041 _aara
050 1 4 _aQA37.2. H856 1981
100 3 _aسولومون، شارلز؛ ترجمة علي مصطى بن الأشهر,
_eauthor
_957019
245 0 0 _aالرياضيات
264 3 1 _aبيروت: معهد الانماء العربي، 1981
300 _a155ص
_bيحتوي على ايضاحات ملونة، جداول
336 _atext
_btxt
_2rdacontent
337 _aunmediated
_bn
_2rdamedia
338 _avolume
_bnc
_2rdacarrier
490 0 _aسلسلة الثقافة العلمية الميسرة"هاملن"
650 4 _aالرياضيات - التحليل الرياضي
_957020
999 _aA25527
_c29095
_d29095